000 01872cam a2200313Ia 4500
999 _c9846
_d9846
001 1202739047
003 OCoLC
005 20241126110720.0
008 201103t20202020miu b 001 0 eng d
020 _a9780825434457
_q(hardback)
020 _a0825434459
_q(hardback)
035 _a(OCoLC)1202739047
040 _aDTM
_beng
_cDTM
_dOCLCF
_dOCLCO
_dKTS
_dBDX
_dNOW
082 _a241
_bMAG
092 _a241
_bM199I
100 1 _aMagnuson, Ken,
_eauthor
_917116
245 1 0 _aInvitation to Christian ethics :
_bmoral reasoning and contemporary issues /
_cKen Magnuson
264 1 _aGrand Rapids, MI :
_bKregel Academic,
_c[2020]
264 4 _c℗♭2020
300 _a543 pages ;
_c24 cm
490 1 _aInvitation to theological studies series
500 _aIncludes bibliographical references and index
520 _aInvitation to Christian Ethics is an indispensable guide for helping pastors, counselors, and everyday Christians navigate today's difficult moral questions. Readers will benefit from Ken Magnuson's survey of ethics from a biblical perspective as well as contemporary theories of moral reasoning. This survey is followed by twelve chapters devoted to some of the thorniest issues Christians encounter today. Magnuson provides biblical insight into each topic and presents key moral considerations. He also answers specific, practical questions that arise and concludes with a summary of his recommended approach to each issue. Readers will learn how to grapple with difficult moral questions and will receive guidance for some of life's most challenging ethical conundrums. --
_cFrom publisher's description
650 0 _aEthics in the Bible
_9145
650 0 _aChristian ethics
_xBiblical teaching
_91626
650 0 _aEthics in the Bible
_xStudy and teaching
_916069
830 0 _aInvitation to theological studies series
_916016
942 _2ddc
_cBK
_08